| 000 | 00993nam a22003135i 4500 | ||
|---|---|---|---|
| 001 | 11284 | ||
| 003 | ES-MaACL | ||
| 005 | 20230906150051.0 | ||
| 007 | t| | ||
| 008 | 921103s1992 sp ||||0| spa j | ||
| 020 | _a84-7100-415-1 | ||
| 040 |
_aM-BN _bspa _cM-BN |
||
| 080 | _a266(8=60)(091) | ||
| 080 | _a376(=97/=98) | ||
| 080 | _a266(599)(091) | ||
| 100 | 1 |
_aOlaechea Labayen, Juan B. _986638 |
|
| 245 | 1 | 3 |
_aEl indigenismo desdeñado / _cJuan B. Olaechea Labayen. |
| 260 |
_aMadrid : _bMapfre, _c[1992] |
||
| 300 |
_a310 p ; _c23 cm. |
||
| 490 | 1 |
_aColección Realidades americanas ; _v7 |
|
| 500 | _aIndices. | ||
| 504 | _aBibliografía: p. [289]-299. | ||
| 650 | 4 |
_aEvangelización- _zAmérica española- _vHistoria. _912618 |
|
| 650 | 1 | 4 |
_aIndios de América- _zEducación. _913669 |
| 650 | 4 |
_aEvangelización- _zFilipinas- _vHistoria. _912621 |
|
| 830 | 0 |
_aColección Realidades americanas ; _v7 _9179000 |
|
| 852 |
_aES-MaACL _jL-18619 _bR.124089 |
||
| 999 |
_c11284 _d11284 |
||